000 00626nam a2200229Ia 4500
008 160404s9999 xx 000 0 und d
020 _a971-11-1096-2
050 _aFIL HF 5667
050 _b.F75 2002
100 _aFrias, Solita A.
245 _aTextbook in auditing theory and other assurance services /
245 _cSolita A. Frias, Consolacion L. Fajardo.
250 _a3rd Edition
260 _aQuezon City:
260 _bJMC Press Inc.,
260 _c2002
300 _a285 pages :
300 _billustrations ;
300 _c25 cm.
500 _aIncludes index.
650 _aAuditing -- Philippines.
999 _c293235
_d293235